Zákaz detskej práce

Čo je detská práca. Podľa údajov Medzinárodnej organizácie práce bolo na svete 250 miliónov pracujúcich detí. Nevyhnutné opatrenia na zákaz detskej práce. Kedy môže dieťa vykonávať prácu výnimočne.

Uložené v:
Podrobná bibliografia
Hlavný autor: Martončíková, Petra
Médium: Kapitola
Jazyk:Slovak
Predmet:
Tagy: Pridať tag
Žiadne tagy, Buďte prvý, kto otaguje tento záznam!

MARC

LEADER 00000naa a2200000 4500
001 0212030
005 20231120135629.6
041 0 |a slo 
044 |a SK 
245 1 0 |a Zákaz detskej práce  |c Petra Martončíková 
520 |a Čo je detská práca. Podľa údajov Medzinárodnej organizácie práce bolo na svete 250 miliónov pracujúcich detí. Nevyhnutné opatrenia na zákaz detskej práce. Kedy môže dieťa vykonávať prácu výnimočne. 
610 2 0 |a deti 
610 2 0 |a práca detská 
100 1 |a Martončíková, Petra